Nájdenie najkratšej cesty pre všetky mestá v SR
Podstata úlohy obchodného cestujúceho. Historický pohľad. Možnosti riešenia úlohy obchodného cestujúceho. Softvér Concorde ako programový produkt na riešenie problému obchodného cestujúceho.
Saved in:
| Main Author: | |
|---|---|
| Other Authors: | |
| Format: | Book Chapter |
| Language: | Slovak |
| Subjects: | |
| Tags: |
No Tags, Be the first to tag this record!
|
MARC
| LEADER | 00000naa$a2200000$$$4500 | ||
|---|---|---|---|
| 001 | 0107489 | ||
| 005 | 20240502072203.1 | ||
| 041 | 0 | |a slo | |
| 044 | |a SK | ||
| 245 | 1 | 0 | |a Nájdenie najkratšej cesty pre všetky mestá v SR |c Zuzana Čičková, Juraj Pekár |
| 520 | |a Podstata úlohy obchodného cestujúceho. Historický pohľad. Možnosti riešenia úlohy obchodného cestujúceho. Softvér Concorde ako programový produkt na riešenie problému obchodného cestujúceho. | ||
| 610 | 2 | 0 | |a obchodní cestujúci |
| 610 | 2 | 0 | |a softvér |
| 610 | 2 | 0 | |a mestá |
| 610 | 2 | 0 | |a Slovensko |
| 610 | 2 | 0 | |a Švédsko |
| 610 | 2 | 0 | |a logistika obchodná |
| 610 | 2 | 0 | |a optimalizácia |
| 100 | 1 | |a Čičková, Zuzana, 1978- | |
| 700 | 1 | |a Pekár, Juraj, 1972- | |